000
002600000a22000970004500
100
1
_a
Arias, Mórtimer
245
1
0
_a
El privilegio de sufrir con Cristo
300
_a
Vol. 6, Num 1 (Enero-Junio, 1986), Páginas 59-64
773
0
_t
Vida y pensamiento
942
_c
ANA
999
_c
52761
_d
52761